Development and diffusion of technology : and chemical industries : proceedings of the Fuji Conference
Zapisane w:
| Format: | Książka |
|---|---|
| Język: | Undetermined |
| Wydane: |
Tokyo
University of Tokyo Press
1980
|
| Hasła przedmiotowe: | |
| Etykiety: |
Dodaj etykietę
Nie ma etykietki, Dołącz pierwszą etykiete!
|
| Thư viện lưu trữ: | Trung tâm Học liệu Trường Đại học Cần Thơ |
|---|
| LEADER | 00636nam a2200193Ia 4500 | ||
|---|---|---|---|
| 001 | CTU_85735 | ||
| 008 | 210402s9999 xx 000 0 und d | ||
| 082 | |a 338.4 | ||
| 082 | |b I.61 | ||
| 245 | 0 | |a Development and diffusion of technology : | |
| 245 | 4 | |b and chemical industries : proceedings of the Fuji Conference | |
| 245 | 0 | |c International Conference on Business History; edited by Akio Okochi, Keiichiro Nakagawa | |
| 260 | |a Tokyo | ||
| 260 | |b University of Tokyo Press | ||
| 260 | |c 1980 | ||
| 650 | |a Electric industries | ||
| 650 | |x Congresses | ||
| 904 | |i Năm | ||
| 980 | |a Trung tâm Học liệu Trường Đại học Cần Thơ | ||